[Event "ESP-chT Div I 2018"]
[Site "Linares"]
[Date "2018.08.08"]
[Round "3"]
[White "Rubio Mejia, Luis Ignacio"]
[Black "Cramling, Pia"]
[Result "1/2-1/2"]
[WhiteElo "2442"]
[BlackElo "2453"]
[Annotator "ChessBase"]
[PlyCount "91"]
[EventDate "2018.08.06"]
[EventType "team-tourn"]
[EventCountry "ESP"]
[SourceTitle "playchess.com"]
[Source "ChessBase"]
[SourceQuality "1"]
[TimeControl "40/5400+30:1800+30"]

1. d4 {[%emt 0:00:00]} Nf6 {[%emt 0:00:00]} 2. c4 {[%emt 0:00:00]} e6 {[%emt 0:00:00]} 3. Nc3 {[%emt 0:00:23]} Bb4 {[%emt 0:00:00]} 4. Qc2 {[%emt 0:00:55]} d6 {[%emt 0:00:22]} 5. Bg5 {[%emt 0:01:59]} Nbd7 {[%emt 0:01:30]} 6. e3 {[%emt 0:05:18]} h6 {[%emt 0:11:36]} 7. Bh4 {[%emt 0:02:48]} b6 {[%emt 0:02:06]} 8. Bd3 {[%emt 0:11:43]} Bb7 {[%emt 0:02:21]} 9. f3 {[%emt 0:03:30]} c5 {[%emt 0:11:58]} 10. Nge2 {[%emt 0:03:49]} cxd4 {[%emt 0:02:25]} 11. exd4 {[%emt 0:01:12]} O-O {[%emt 0:04:36]} 12. a3 {[%emt 0:17:18]} Bxc3+ {[%emt 0:00:11]} 13. Nxc3 {[%emt 0:00:07]} Qc7 {[%emt 0:12:02]} 14. O-O {[%emt 0:10:18]} a6 {[%emt 0:00:31]} 15. Rac1 {[%emt 0:08:55]} Rac8 {[%emt 0:03:17]} 16. Rfe1 {[%emt 0:08:01]} Rfe8 {[%emt 0:01:05]} 17. Qd2 {[%emt 0:02:46]} Qb8 {[%emt 0:01:49]} 18. Bg3 {[%emt 0:04:30]} e5 {[%emt 0:13:32]} 19. dxe5 {[%emt 0:05:20]} Nxe5 {[%emt 0:04:28]} 20. b3 {[%emt 0:02:04]} Bc6 {[%emt 0:16:50]} 21. Bf5 {[%emt 0:04:01]} Bd7 {[%emt 0:00:13]} 22. Bxd7 {[%emt 0:03:13]} Nfxd7 {[%emt 0:00:05]} 23. Bxe5 {[%emt 0:01:23]} Nxe5 {[%emt 0:01:50]} 24. a4 {[%emt 0:00:54]} Nd7 {[%emt 0:03:12]} 25. Red1 {[%emt 0:01:20]} Re6 {[%emt 0:00:32]} 26. Ne2 {[%emt 0:00:26]} Nc5 {[%emt 0:01:50]} 27. Nd4 {[%emt 0:00:04]} Rf6 {[%emt 0:00:06]} 28. Re1 {[%emt 0:00:38]} Qc7 {[%emt 0:00:31]} 29. Re3 {[%emt 0:00:31]} Ne6 {[%emt 0:00:34]} 30. Rce1 {[%emt 0:00:43]} Nxd4 {[%emt 0:01:34]} 31. Qxd4 {[%emt 0:00:05]} Qc5 {[%emt 0:00:35]} 32. Rd1 {[%emt 0:01:03]} Kf8 {[%emt 0:01:27]} 33. Kf1 {[%emt 0:00:33]} Qxd4 {[%emt 0:00:55]} 34. Rxd4 {[%emt 0:00:07]} a5 {[%emt 0:00:07]} 35. Ke2 {[%emt 0:00:38]} Rc6 {[%emt 0:00:05]} 36. Rde4 {[%emt 0:00:33]} g5 {[%emt 0:01:03]} 37. Re8+ {[%emt 0:00:34]} Kg7 {[%emt 0:00:01]} 38. Kd3 {[%emt 0:00:43]} Rf5 {[%emt 0:02:55]} 39. Rd8 {[%emt 0:00:21]} Re5 {[%emt 0:00:33]} 40. Kd4 {[%emt 0:00:42]} Rf5 {[%emt 0:00:41]} 41. Ree8 {[%emt 0:30:27]} h5 {[%emt 0:30:09]} 42. Re4 {[%emt 0:00:31]} h4 {[%emt 0:00:26]} 43. h3 {[%emt 0:00:26]} Kf6 {[%emt 0:00:13]} 44. Rd7 {[%emt 0:00:35]} Kg7 {[%emt 0:00:56]} 45. Rd8 {[%emt 0:00:18]} Kf6 {[%emt 0:00:07]} 46. Rd7 {[%emt 0:00:17] Ke5+} 1/2-1/2

[Event "ESP-chT Div I 2018"]
[Site "Linares"]
[Date "2018.08.08"]
[Round "3"]
[White "Barbot, Pierre"]
[Black "Vergara Anton, Diego"]
[Result "1-0"]
[WhiteElo "2420"]
[BlackElo "2022"]
[Annotator "NA"]
[PlyCount "95"]
[EventDate "2018.08.06"]
[EventType "team-tourn"]
[EventCountry "ESP"]
[SourceTitle "playchess.com"]
[Source "ChessBase"]
[SourceQuality "1"]
[TimeControl "40/5400+30:1800+30"]

1. Nf3 {[%emt 0:00:00]} Nf6 {[%emt 0:00:00]} 2. c4 {[%emt 0:00:00]} g6 {[%emt 0:00:11]} 3. Nc3 {[%emt 0:00:00]} Bg7 {[%emt 0:00:12]} 4. e4 {[%emt 0:00:00]} O-O {[%emt 0:00:18]} 5. d4 {[%emt 0:00:01]} c6 {[%emt 0:00:53]} 6. e5 {[%emt 0:03:38]} Ne8 {[%emt 0:01:14]} 7. Bf4 {[%emt 0:00:07]} d6 {[%emt 0:00:19]} 8. h3 {[%emt 0:03:19]} Nd7 {[%emt 0:06:30]} 9. exd6 {[%emt 0:00:33]} Nxd6 {[%emt 0:00:20]} 10. Be2 {[%emt 0:02:20]} Nf6 {[%emt 0:01:34]} 11. O-O {[%emt 0:02:33]} Be6 {[%emt 0:04:40]} 12. d5 {[%emt 0:07:44]} cxd5 {[%emt 0:01:46]} 13. cxd5 {[%emt 0:00:04]} Bf5 {[%emt 0:03:58]} 14. Nd4 {[%emt 0:03:45]} Nfe4 {[%emt 0:15:47]} 15. Nxf5 {[%emt 0:01:31]} Nxc3 {[%emt 0:02:31]} 16. bxc3 {[%emt 0:02:45]} Nxf5 {[%emt 0:01:33]} 17. Qb3 {[%emt 0:01:08]} b6 {[%emt 0:05:04]} 18. Rac1 {[%emt 0:01:42]} Rc8 {[%emt 0:05:57]} 19. Bg4 {[%emt 0:00:05]} Rc5 {[%emt 0:01:40]} 20. Bxf5 {[%emt 0:03:23]} gxf5 {[%emt 0:00:58]} 21. c4 {[%emt 0:00:03]} b5 {[%emt 0:03:21]} 22. cxb5 {[%emt 0:02:52]} Rxd5 {[%emt 0:03:21]} 23. Rfd1 {[%emt 0:07:17]} Rxd1+ {[%emt 0:03:29]} 24. Rxd1 {[%emt 0:00:29]} Qa5 {[%emt 0:01:11]} 25. Bd2 {[%emt 0:00:18]} Qc7 {[%emt 0:03:12]} 26. Rc1 {[%emt 0:00:06]} Qd7 {[%emt 0:00:07]} 27. Be3 {[%emt 0:00:06]} e5 {[%emt 0:04:00]} 28. Rc6 {[%emt 0:06:00]} Rb8 {[%emt 0:02:37]} 29. Qc4 {[%emt 0:01:27]} e4 {[%emt 0:05:59]} 30. Bf4 {[%emt 0:01:31]} Qd1+ {[%emt 0:00:50]} 31. Kh2 {[%emt 0:01:22]} Rf8 {[%emt 0:01:32]} 32. Rc8 {[%emt 0:03:52]} Qd7 {[%emt 0:06:08]} 33. Rc7 {[%emt 0:03:28]} Qd4 {[%emt 0:00:35]} 34. Be3 {[%emt 0:00:18]} Be5+ {[%emt 0:03:43]} 35. g3 {[%emt 0:00:01]} Qd6 {[%emt 0:02:00]} 36. Rc8 {[%emt 0:00:45]} Qf6 {[%emt 0:03:29]} 37. Bxa7 {[%emt 0:04:57]} Rxc8 {[%emt 0:02:34]} 38. Qxc8+ {[%emt 0:00:07]} Kg7 {[%emt 0:00:02]} 39. Be3 {[%emt 0:00:18]} h5 {[%emt 0:03:06]} 40. Qc6 {[%emt 0:02:45]} Bd6 {[%emt 0:01:01]} 41. Kg2 {[%emt 0:31:39]} Qe7 {[%emt 0:31:12]} 42. b6 {[%emt 0:01:17]} f4 {[%emt 0:00:08]} 43. gxf4 {[%emt 0:01:06]} Qf6 {[%emt 0:00:57]} 44. b7 {[%emt 0:00:14]} Qg6+ {[%emt 0:00:06]} 45. Kh1 {[%emt 0:00:06]} Qe6 {[%emt 0:00:26]} 46. Bd4+ {[%emt 0:04:00]} Kh7 {[%emt 0:00:50]} 47. Qc8 {[%emt 0:00:05]} Qxa2 {[%emt 0:00:39]} 48. Qh8+ {[%emt 0:00:06]} 1-0

[Event "ESP-chT Div I 2018"]
[Site "Linares"]
[Date "2018.08.08"]
[Round "3"]
[White "Franco Alonso, Alejandro"]
[Black "Gascon del Nogal, Jose Rafael"]
[Result "1/2-1/2"]
[WhiteElo "2410"]
[BlackElo "2476"]
[Annotator "TA"]
[PlyCount "153"]
[EventDate "2018.08.06"]
[EventType "team-tourn"]
[EventCountry "ESP"]
[SourceTitle "playchess.com"]
[Source "ChessBase"]
[SourceQuality "1"]

{[%evp 25,153,6,27,7,45,37,66,66,66,51,71,59,77,0,20,-50,31,-10,48,-30,-41,-34,-39,-52,-66,-63,-52,-119,-113,-171,-156,-180,-168,-191,-115,-117,-120,-174,-172,-181,-172,-165,-168,-179,-165,-168,-164,-179,-78,-73,0,-169,-117,-94,-97,-163,-158,-279,-279,-383,-383,-370,-356,-326,-203,-214,-220,-199,-109,-125,-47,-47,-41,-53,-46,-48,-53,-60,-22,-22,-8,-19,-19,-121,0,0,0,0,0,0,0,0,0,-59,0,-59,-59,-148,-148,-797,-797,-2295,0,0,0,0,0,0,0,0,0,0,0,0,0,0,0,0,0,0,0,0,0,0,0,0,0,0,0,0]} 1. Nf3 Nf6 2. c4 e6 3. g3 d5 4. d4 Bb4+ 5. Bd2 Be7 6. Bg2 O-O 7. O-O Nbd7 8. Qc2 Ne4 9. Bf4 c6 10. Nfd2 {E08: Closed Catalan: Main Line: 7 Qc2} (10. h4 Ndf6 11. Nbd2 Nxd2 12. Nxd2 Nh5 13. Be3 f5 14. Bf3 Qe8 15. Bg5 Nf6 16. e3 b6 17. Rac1 Ba6 {½-½ (43) Meier,G (2648)-Carlsen,M (2843) Karlsruhe/Baden-Baden 2018}) 10... g5 11. Nxe4 gxf4 12. Ned2 fxg3 13. hxg3 f5 {LiveBook: 3 Games} 14. Nc3 {[%cal Bb1c3,Bc3e2,Be2f4][%mdl 32]} Nf6 15. e3 {[#]} Qe8 $146 ({Predecessor:} 15... Ne4 16. Ndxe4 fxe4 17. Ne2 Bd6 {0-1 (32) Hilverda,A (2369)-Buhmann,R (2567) Austria 2018}) 16. Ne2 Bd6 17. Nf4 Bd7 18. a3 Rf7 19. Bf3 (19. Nf3 $16) 19... Rg7 $11 20. Kg2 (20. c5 $11 Bc7 21. Bg2) 20... Qb8 (20... Bxf4 $1 $15 21. exf4 Qb8) 21. Ne2 $1 $14 Ne4 (21... f4 $11) 22. Bxe4 ({White should try} 22. Rh1 $14) 22... fxe4 $11 23. Rh1 Qd8 24. Nf4 Bxf4 25. exf4 Qf6 26. Qc3 (26. Kf1 $1 $15) 26... Qxf4 $17 27. Qe3 (27. Rh5 $17) 27... e5 $19 28. cxd5 cxd5 29. dxe5 Qxe3 (29... Qxe5 $19 {And now ...Rf8 would win.} 30. Nb3 Rf8) 30. fxe3 $17 Re8 31. Rhf1 (31. Rh5 $17) 31... Rxe5 $19 32. Rf4 Reg5 33. Nf1 h6 34. a4 a5 35. b3 R5g6 36. Rc1 Bg4 (36... b6 $19 {has better winning chances.} 37. Kh2 Kh7) 37. Rc5 $17 h5 (37... Rg5 $17) 38. Kf2 $2 (38. Rxd5 $11 {and White has nothing to worry.} Bf3+ 39. Kf2) 38... Be6 (38... Rd7 $1 $19 39. Rxa5 Rc6) 39. Rxa5 Rc7 $1 $36 {[%mdl 2048] Black is in control.} 40. Ra8+ (40. b4 $17 {was called for.}) 40... Kg7 $1 $19 41. Ra7 (41. a5 $17) 41... Bg4 42. a5 Ra6 43. Rxa6 bxa6 {[%mdl 4096] Endgame KRB-KRN} 44. Ke1 Rc1+ 45. Kd2 Ra1 46. Kc3 {[#]} Rxa5 (46... Rd1 $1 $19 47. Nd2 {[#]} d4+ $1 {[%mdl 512]} 48. Kc2 Rg1) 47. Nd2 $17 Be2 (47... Ra2 $17 {Hoping for ...d4+!} 48. Rf2 Ra1) 48. Rf2 $15 Bd3 49. Kd4 Kg6 50. Nf3 exf3 51. Kxd3 {KR-KR} Kg5 52. Rxf3 Kg4 53. Rf6 Kxg3 {White must now prevent ...h4.} 54. Rg6+ (54. e4 $1 $11) 54... Kh3 ({Better is} 54... Kf3 $17 {aiming for ...h4.} 55. Rf6+ Kg4 56. Rg6+ Kf5) 55. b4 $11 Ra1 (55... Ra4 {keeps more tension.} 56. Kd4 Rxb4+ 57. Kxd5 a5 58. e4 a4) 56. Kd4 a5 57. bxa5 ({Don't play} 57. b5 Rb1 $17) 57... Rxa5 58. Rg8 h4 {[%cal Bh5h4,Bh4h3,Bh3h2][%mdl 32]} 59. Rg7 (59. Ke5 $11) 59... Kh2 (59... Ra3 $15 60. Rg5 Ra2) 60. Rg8 ({White should play} 60. Ke5 $1 $11) 60... h3 $15 61. Rg7 Kh1 62. Rg8 $2 {[%mdl 8192]} (62. Ke5 $17) 62... h2 $19 63. Rg7 Ra2 $2 (63... Ra1 $19 64. Kxd5 Rd1+ 65. Ke6 Rg1) 64. Kxd5 $11 {The position is equal.} Rg2 65. Rh7 Rg5+ 66. Kd6 Rg4 67. Kd5 Kg2 (67... Rb4 {looks sharper.} 68. e4 Rb5+ 69. Kd6 Rb6+ 70. Kd5 Rb5+) 68. e4 $1 Rg3 {[#]} (68... Rg8 {is interesting.} 69. e5 Rd8+ 70. Ke4 Rd1 71. e6 Ra1) 69. Rxh2+ $1 {[%mdl 512]} Kxh2 {KR-KP} 70. e5 Rd3+ 71. Kc6 Re3 72. Kd6 Kg3 73. e6 Kf4 74. e7 Kf5 {( -> ...Kf6)} 75. Kd7 Kf6 76. e8=Q Rxe8 77. Kxe8 {Precision: White = 48%, Black = 53%.} 1/2-1/2

[Event "ESP-chT Div I 2018"]
[Site "Linares"]
[Date "2018.08.08"]
[Round "3"]
[White "Martin Fuentes, Alberto"]
[Black "Alonso Moyano, Jonathan"]
[Result "1-0"]
[WhiteElo "2391"]
[BlackElo "2388"]
[Annotator "NA"]
[PlyCount "83"]
[EventDate "2018.08.06"]
[EventType "team-tourn"]
[EventCountry "ESP"]
[SourceTitle "playchess.com"]
[Source "ChessBase"]
[SourceQuality "1"]
[TimeControl "40/5400+30:1800+30"]

1. e4 {[%emt 0:00:26]} c5 {[%emt 0:00:00]} 2. Nc3 {[%emt 0:00:06]} Nc6 {[%emt 0:00:00]} 3. g3 {[%emt 0:00:16]} g6 {[%emt 0:00:00]} 4. Bg2 {[%emt 0:00:07]} Bg7 {[%emt 0:00:08]} 5. d3 {[%emt 0:00:03]} d6 {[%emt 0:00:08]} 6. f4 {[%emt 0:00:05]} e5 {[%emt 0:04:56]} 7. Nh3 {[%emt 0:01:37]} Nge7 {[%emt 0:00:39]} 8. O-O {[%emt 0:01:16]} O-O {[%emt 0:00:17]} 9. f5 {[%emt 0:11:09]} f6 {[%emt 0:24:58]} 10. g4 {[%emt 0:00:14]} Nd4 {[%emt 0:00:08]} 11. Be3 {[%emt 0:06:18]} Rb8 {[%emt 0:09:47]} 12. Qd2 {[%emt 0:10:45]} b5 {[%emt 0:05:08]} 13. Nd1 {[%emt 0:02:37]} b4 {[%emt 0:01:24]} 14. c3 {[%emt 0:01:06]} bxc3 {[%emt 0:00:31]} 15. bxc3 {[%emt 0:00:06]} Nb5 {[%emt 0:00:44]} 16. a4 {[%emt 0:01:30]} Nc7 {[%emt 0:00:15]} 17. Kh1 {[%emt 0:03:44]} Na6 {[%emt 0:08:52]} 18. d4 {[%emt 0:10:53]} cxd4 {[%emt 0:03:42]} 19. cxd4 {[%emt 0:00:32]} Nb4 {[%emt 0:00:05]} 20. dxe5 {[%emt 0:02:20]} dxe5 {[%emt 0:00:18]} 21. Qxd8 {[%emt 0:00:25]} Rxd8 {[%emt 0:00:05]} 22. Bxa7 {[%emt 0:00:11]} Rb7 {[%emt 0:07:14]} 23. Bc5 {[%emt 0:04:02]} Nec6 {[%emt 0:00:06]} 24. a5 {[%emt 0:05:24]} g5 {[%emt 0:01:35]} 25. Nc3 {[%emt 0:02:10]} Bf8 {[%emt 0:01:02]} 26. Bb6 {[%emt 0:09:33]} Rd2 {[%emt 0:04:56]} 27. Nd5 {[%emt 0:08:11]} Rf7 {[%emt 0:00:10]} 28. Rf2 {[%emt 0:00:56]} Rxf2 {[%emt 0:02:21]} 29. Nxf2 {[%emt 0:00:45]} Nxd5 {[%emt 0:00:05]} 30. exd5 {[%emt 0:00:06]} Nb4 {[%emt 0:00:02]} 31. Ne4 {[%emt 0:02:33]} Bb7 {[%emt 0:14:30]} 32. d6 {[%emt 0:01:41]} Kg7 {[%emt 0:00:26]} 33. Ra4 {[%emt 0:05:22]} Nd5 {[%emt 0:03:26]} 34. Nc5 {[%emt 0:03:11]} Bc6 {[%emt 0:01:07]} 35. Ne6+ {[%emt 0:01:10]} Kg8 {[%emt 0:00:37]} 36. Rc4 {[%emt 0:00:12]} Bb7 {[%emt 0:01:31]} 37. Nxf8 {[%emt 0:03:24]} Kxf8 {[%emt 0:02:32]} 38. Rc5 {[%emt 0:00:22]} e4 {[%emt 0:04:17]} 39. Bxe4 {[%emt 0:00:46]} Nxb6 {[%emt 0:00:39]} 40. Bxb7 {[%emt 0:00:05]} Rxb7 {[%emt 0:00:19]} 41. axb6 {[%emt 0:31:16]} Rb8 {[%emt 0:30:02]} 42. d7 {[%emt 0:00:43]} 1-0

[Event "ESP-chT Div I 2018"]
[Site "Linares"]
[Date "2018.08.08"]
[Round "3"]
[White "Shvayger, Yuliya"]
[Black "Martin Duque, Jesus"]
[Result "1/2-1/2"]
[WhiteElo "2390"]
[BlackElo "2378"]
[Annotator "NA"]
[PlyCount "130"]
[EventDate "2018.08.06"]
[EventType "team-tourn"]
[EventCountry "ESP"]
[SourceTitle "playchess.com"]
[Source "ChessBase"]
[SourceQuality "1"]
[TimeControl "40/5400+30:1800+30"]

1. e4 {[%emt 0:00:00]} e6 {[%emt 0:00:00]} 2. d4 {[%emt 0:00:00]} d5 {[%emt 0:00:00]} 3. Nc3 {[%emt 0:00:21]} Bb4 {[%emt 0:00:00]} 4. e5 {[%emt 0:00:49]} c5 {[%emt 0:00:00]} 5. a3 {[%emt 0:00:07]} Ba5 {[%emt 0:00:00]} 6. b4 {[%emt 0:02:13]} cxd4 {[%emt 0:00:00]} 7. Nb5 {[%emt 0:00:21]} Bc7 {[%emt 0:00:05]} 8. Nf3 {[%emt 0:01:24]} Nc6 {[%emt 0:02:06]} 9. Bf4 {[%emt 0:05:20]} Nge7 {[%emt 0:01:28]} 10. Bd3 {[%emt 0:00:09]} a6 {[%emt 0:01:59]} 11. Nbxd4 {[%emt 0:09:10]} Nxd4 {[%emt 0:02:42]} 12. Nxd4 {[%emt 0:00:03]} Ng6 {[%emt 0:00:07]} 13. Bxg6 {[%emt 0:00:44]} fxg6 {[%emt 0:00:02]} 14. O-O {[%emt 0:08:28]} O-O {[%emt 0:00:06]} 15. Qd2 {[%emt 0:00:26]} Bd7 {[%emt 0:01:36]} 16. Rac1 {[%emt 0:15:15]} Qe7 {[%emt 0:03:59]} 17. Bg5 {[%emt 0:03:17]} Qf7 {[%emt 0:00:43]} 18. f4 {[%emt 0:00:13]} Bb6 {[%emt 0:01:06]} 19. c3 {[%emt 0:01:55]} Rac8 {[%emt 0:02:26]} 20. Rf3 {[%emt 0:02:38]} Rc4 {[%emt 0:00:31]} 21. Bh4 {[%emt 0:06:37]} Bxd4+ {[%emt 0:06:06]} 22. cxd4 {[%emt 0:00:15]} Rxc1+ {[%emt 0:00:05]} 23. Qxc1 {[%emt 0:00:08]} Rc8 {[%emt 0:00:03]} 24. Rc3 {[%emt 0:06:11]} Rxc3 {[%emt 0:01:56]} 25. Qxc3 {[%emt 0:00:02]} Qxf4 {[%emt 0:00:46]} 26. Bf2 {[%emt 0:00:08]} h6 {[%emt 0:05:10]} 27. h3 {[%emt 0:02:20]} Kh7 {[%emt 0:01:43]} 28. Qc2 {[%emt 0:00:20]} Qf5 {[%emt 0:03:14]} 29. Qc7 {[%emt 0:14:26]} Bc6 {[%emt 0:00:29]} 30. Qe7 {[%emt 0:00:30]} g5 {[%emt 0:00:50]} 31. Qd6 {[%emt 0:04:08]} Bb5 {[%emt 0:05:49]} 32. Qc7 {[%emt 0:03:21]} Bd3 {[%emt 0:01:35]} 33. Qc3 {[%emt 0:02:56]} Qe4 {[%emt 0:00:04]} 34. Qe1 {[%emt 0:00:54]} Be2 {[%emt 0:00:09]} 35. Qc1 {[%emt 0:01:31]} Bc4 {[%emt 0:01:54]} 36. a4 {[%emt 0:00:47]} Qd3 {[%emt 0:01:54]} 37. a5 {[%emt 0:00:29]} Kg8 {[%emt 0:00:59]} 38. Be3 {[%emt 0:00:28]} Kf7 {[%emt 0:01:00]} 39. Qd2 {[%emt 0:00:23]} Ke8 {[%emt 0:03:05]} 40. Qxd3 {[%emt 0:01:51]} Bxd3 {[%emt 0:00:02]} 41. Kf2 {[%emt 0:31:34]} Kd7 {[%emt 0:30:05]} 42. g3 {[%emt 0:04:12]} Kc6 {[%emt 0:00:00]} 43. h4 {[%emt 0:01:54]} gxh4 {[%emt 0:00:06]} 44. gxh4 {[%emt 0:00:03]} Kb5 {[%emt 0:00:04]} 45. Bd2 {[%emt 0:00:07]} Kc4 {[%emt 0:00:08]} 46. Ke3 {[%emt 0:00:08]} g5 {[%emt 0:00:24]} 47. hxg5 {[%emt 0:00:10]} hxg5 {[%emt 0:00:01]} 48. Be1 {[%emt 0:00:59]} Be4 {[%emt 0:00:32]} 49. Bd2 {[%emt 0:00:02]} g4 {[%emt 0:00:12]} 50. Be1 {[%emt 0:00:14]} Bf5 {[%emt 0:00:13]} 51. Bh4 {[%emt 0:00:56]} Kxb4 {[%emt 0:00:11]} 52. Bd8 {[%emt 0:00:05]} Kc3 {[%emt 0:03:53]} 53. Bb6 {[%emt 0:00:23]} Kc2 {[%emt 0:00:05]} 54. Kf4 {[%emt 0:00:20]} Kd3 {[%emt 0:01:15]} 55. Kg3 {[%emt 0:00:09]} Kc4 {[%emt 0:00:17]} 56. Kf4 {[%emt 0:00:11]} Kb5 {[%emt 0:00:04]} 57. Kg3 {[%emt 0:00:07]} Kc6 {[%emt 0:00:06]} 58. Kf4 {[%emt 0:00:05]} Kd7 {[%emt 0:00:12]} 59. Kg3 {[%emt 0:00:08]} Ke8 {[%emt 0:00:08]} 60. Kf4 {[%emt 0:00:13]} Kf7 {[%emt 0:00:44]} 61. Kg3 {[%emt 0:00:09]} Kg7 {[%emt 0:00:10]} 62. Kh4 {[%emt 0:00:09]} Kh6 {[%emt 0:01:22]} 63. Bc5 {[%emt 0:00:08]} Kg7 {[%emt 0:01:38]} 64. Bb6 {[%emt 0:00:10]} Kh6 {[%emt 0:00:01]} 65. Bc5 {[%emt 0:00:09]} Kg7 {[%emt 0:00:05]} 1/2-1/2

[Event "ESP-chT Div I 2018"]
[Site "Linares"]
[Date "2018.08.08"]
[Round "3"]
[White "Granero Roca, Antonio"]
[Black "Almagro Llamas, Pablo"]
[Result "1/2-1/2"]
[WhiteElo "2383"]
[BlackElo "2442"]
[Annotator "TA"]
[PlyCount "71"]
[EventDate "2018.08.06"]
[EventType "team-tourn"]
[EventCountry "ESP"]
[SourceTitle "playchess.com"]
[Source "ChessBase"]
[SourceQuality "1"]

{[%evp 16,71,14,14,79,70,90,77,80,81,119,76,68,71,78,58,67,66,88,90,87,97,123,125,118,119,109,102,104,103,107,71,214,212,179,188,590,94,97,94,94,93,166,31,30,31,38,30,31,33,39,39,39,10,37,0,38,0]} 1. Nf3 Nf6 2. c4 g6 3. g3 b6 4. Bg2 Bb7 5. Nc3 Bg7 6. O-O O-O 7. d4 Ne4 8. Bd2 {A50: Queen's Fianchetto Defence (1 d4 Nf6 2 c4 b6)} c5 (8... e6 9. Nxe4 Bxe4 10. Bc3 c5 11. Rc1 Nc6 12. e3 Qc7 13. Qd2 Qb7 14. Ne1 cxd4 15. exd4 Ne7 {½-½ (43) Lenic,L (2662)-Vachier Lagrave,M (2789) chess.com INT 2018}) 9. d5 {LiveBook: 6 Games} Nd6 $146 (9... Nxd2 $11 10. Qxd2 (10. Nxd2 d6 $11) 10... d6) ({Predecessor:} 9... Nxd2 10. Qxd2 d6 11. h4 Nd7 12. h5 a6 13. a4 Bc8 14. hxg6 hxg6 15. Qf4 Ne5 16. Nxe5 Bxe5 {½-½ (33) Chirila,I (2529)-Akobian,V (2640) Las Vegas 2014}) 10. b3 $16 {White is better.} b5 11. cxb5 a6 12. b6 Nc8 13. e4 Nxb6 14. Rc1 d6 15. Re1 N8d7 16. Bf4 Rc8 17. Qd2 a5 18. Bh6 c4 19. Bxg7 Kxg7 20. Nb5 cxb3 21. Rxc8 Nxc8 22. axb3 Nc5 23. Nfd4 e5 (23... Kg8 $16) 24. dxe6 $1 $18 fxe6 {next ...e5 is good for Black.} 25. e5 {[#] Threatens to win with Bxb7.} dxe5 $2 (25... Bxg2 {is tougher.} 26. Kxg2 Kg8) 26. Bxb7 $2 (26. Rxe5 $18 {and the rest is easy.} Bd5 27. Qc3) 26... exd4 $16 27. Bxc8 ({Don't play} 27. Qxd4+ $6 Qxd4 28. Nxd4 Kf6 $11) 27... Qf6 28. Nxd4 Rd8 (28... e5 $16) 29. Qc3 ({Weaker is} 29. Bxe6 Rxd4 30. Qe3 Re4 $11) (29. Rc1 $18 Rxc8 30. Qe3) 29... Qxd4 $14 30. Qxd4+ Rxd4 31. Bxe6 {KRB-KRN} Rb4 32. Bd5 Nxb3 33. Re7+ Kh8 34. Re8+ Kg7 35. Re7+ Kh8 $1 36. Re8+ {Precision: White = 50%, Black = 30%.} 1/2-1/2

[Event "ESP-chT Div I 2018"]
[Site "Linares"]
[Date "2018.08.08"]
[Round "3"]
[White "Bergez, Luc"]
[Black "Rodriguez Fontecha, Marcos"]
[Result "1-0"]
[WhiteElo "2327"]
[BlackElo "2329"]
[Annotator "NA"]
[PlyCount "71"]
[EventDate "2018.08.06"]
[EventType "team-tourn"]
[EventCountry "ESP"]
[SourceTitle "playchess.com"]
[Source "ChessBase"]
[SourceQuality "1"]
[TimeControl "40/5400+30:1800+30"]

1. e4 {[%emt 0:00:00]} e6 {[%emt 0:00:00]} 2. b3 {[%emt 0:00:00]} d5 {[%emt 0:01:04]} 3. Bb2 {[%emt 0:00:00]} Nf6 {[%emt 0:00:29]} 4. e5 {[%emt 0:00:00]} Ng8 {[%emt 0:01:38]} 5. d4 {[%emt 0:01:19]} c5 {[%emt 0:01:32]} 6. c3 {[%emt 0:03:47]} Nc6 {[%emt 0:01:41]} 7. Nf3 {[%emt 0:00:52]} f6 {[%emt 0:06:14]} 8. Bd3 {[%emt 0:07:21]} fxe5 {[%emt 0:06:11]} 9. dxe5 {[%emt 0:00:21]} Nh6 {[%emt 0:00:14]} 10. O-O {[%emt 0:00:35]} Nf7 {[%emt 0:00:36]} 11. c4 {[%emt 0:20:03]} d4 {[%emt 0:03:55]} 12. Re1 {[%emt 0:03:23]} Qc7 {[%emt 0:03:06]} 13. Bc1 {[%emt 0:04:44]} Be7 {[%emt 0:05:22]} 14. Bf4 {[%emt 0:00:42]} b6 {[%emt 0:03:44]} 15. Bg3 {[%emt 0:01:47]} Bb7 {[%emt 0:00:54]} 16. Nbd2 {[%emt 0:00:58]} O-O-O {[%emt 0:03:05]} 17. Qb1 {[%emt 0:00:19]} Nb4 {[%emt 0:16:30]} 18. Bf5 {[%emt 0:08:40]} Qd7 {[%emt 0:21:55]} 19. a3 {[%emt 0:00:54]} Nc6 {[%emt 0:00:19]} 20. Bxh7 {[%emt 0:01:08]} g5 {[%emt 0:07:31]} 21. h3 {[%emt 0:10:43]} g4 {[%emt 0:03:20]} 22. hxg4 {[%emt 0:00:25]} d3 {[%emt 0:02:51]} 23. Bg6 {[%emt 0:04:17]} Nd4 {[%emt 0:02:09]} 24. Bxf7 {[%emt 0:05:12]} Ne2+ {[%emt 0:03:13]} 25. Rxe2 {[%emt 0:00:04]} dxe2 {[%emt 0:00:03]} 26. Qg6 {[%emt 0:02:57]} Kb8 {[%emt 0:01:16]} 27. Re1 {[%emt 0:02:13]} Bf8 {[%emt 0:01:57]} 28. Bxe6 {[%emt 0:07:44]} Qc6 {[%emt 0:02:00]} 29. Bf5 {[%emt 0:03:47]} Qxg6 {[%emt 0:00:55]} 30. Bxg6 {[%emt 0:00:44]} Rh6 {[%emt 0:00:15]} 31. Bc2 {[%emt 0:01:49]} Be7 {[%emt 0:00:22]} 32. Rxe2 {[%emt 0:01:02]} Rdh8 {[%emt 0:00:10]} 33. Nh2 {[%emt 0:00:13]} Bh4 {[%emt 0:00:53]} 34. Bf4 {[%emt 0:01:41]} Bg5 {[%emt 0:00:10]} 35. Bxg5 {[%emt 0:00:09]} Rxh2 {[%emt 0:00:10]} 36. f3 {[%emt 0:00:16]} 1-0